000 00974nam a2200217Ia 4500
003 Ost
005 20260507075648.0
008 260507s9999||||xx |||||||||||||| ||und||
020 _a5086102977
040 _cfsecg
041 _aara
082 _a658.406
100 _aالنجار، فريد
_eمؤلف
245 0 _aإعادة هندسة العمليات وهيكلة الشركات للتعامل مع العولمة والحروب التجارية الجديدة /
_c فريد النجار
260 _aالقاهرة:
_bدار طيبة للنشر والتوزيع,
_c2004
300 _a265 صفحة؛
_bإيضاحات ؛
_c24 سم
520 _aالعولمة الإقتصادية والتجارية والثقافية- تحديات العولمة للإقتصاديات العربية- آليات التعامل مع العولمة.
653 _aالعولمة- الجوانب الإقتصادية
653 _aهيكلة الشركات
942 _cكتاب
999 _c45528
_d45528